00634nam a22002057a 450000500170000001000230001702000260004003500170006603500130008303500140009603700170011003700130012708200110014010000270015124500510017826000500022927000670027930000320034650000500037820170504150102.0 a1617EN ENG-116891 a9780198069188c695.00 aB-651516-520 aB-666243 aEN-100423 bPragatiadpl bDBAD/PUB a624.17 aThandavamoorthy , T.S. aStructural analysis /cby T.S.Thandavamoorthy  c2015 (rp)aNew DelhibOxford University Press aYMCA Library Building, 1, Jai Singh Road, bNew Delhie110001. c24cm(pbk)axix,1336p.bill. aIncludes bibliographical references and index